PRACTICAL CLINICAL BIOCHEMISTRY VOL I (Record no. 265820)

MARC details
000 -LEADER
fixed length control field 00371pam a2200145a 44500
008 - FIXED-LENGTH DATA ELEMENTS--GENERAL INFORMATION
fixed length control field 230405s xxu||||| |||| 00| 0 eng d
041 ## - LANGUAGE CODE
Language code of text/sound track or separate title ENG
100 ## - MAIN ENTRY--PERSONAL NAME
Personal name VARLEY H / GOWENLOCK
245 ## - TITLE STATEMENT
Title PRACTICAL CLINICAL BIOCHEMISTRY VOL I
250 ## - EDITION STATEMENT
Edition statement 4 1998
260 ## - PUBLICATION, DISTRIBUTION, ETC.
Place of publication, distribution, etc. NEW DELHI
Name of publisher, distributor, etc. CBS PUBLISHERS DELHI
Date of publication, distribution, etc.
300 ## - PHYSICAL DESCRIPTION
Extent 802
650 ## - SUBJECT ADDED ENTRY--TOPICAL TERM
Topical term or geographic name entry element PHARMACEUTICAL CHEMISTRY
906 ## - LOCAL DATA ELEMENT F, LDF (RLIN)
a 381
Holdings
Withdrawn status Lost status Damaged status Not for loan Collection Home library Current library Date acquired Source of acquisition Cost, normal purchase price Total Checkouts Full call number Barcode Date last seen Price effective from Koha item type
          College of Pharmacy, Kolhapur College of Pharmacy, Kolhapur 14/04/2023 S K KOTHARI 140.00   616.756 PCK-1908 14/04/2023 14/04/2023 Book
          College of Pharmacy, Kolhapur College of Pharmacy, Kolhapur 14/04/2023 S K KOTHARI 140.00   616.756 PCK-1907 14/04/2023 14/04/2023 Book
          College of Pharmacy, Kolhapur College of Pharmacy, Kolhapur 11/07/2001 S K KOTHARI 140.00   616.756 PCK-1568 14/04/2023 14/04/2023 Book
          College of Pharmacy, Kolhapur College of Pharmacy, Kolhapur 14/04/2023 S K KOTHARI 140.00   616.756 PCK-960 14/04/2023 14/04/2023 Book